[Event "SR 4. liga A21 2015/2016"]
[Site "?"]
[Date "2016.03.13"]
[Round "10.2"]
[White "Lauko, Tomas"]
[Black "Kanka, Tomas"]
[Result "1-0"]
[WhiteElo "1668"]
[BlackElo "1689"]
[PlyCount "121"]
[EventDate "2015.??.??"]

1. e4 g6 2. d4 d5 3. exd5 Qxd5 4. Nc3 Qd8 5. Bf4 c6 6. Nf3 Nf6 7. Qd2 h6 8. Bc4
b5 9. Bb3 b4 10. Ne5 e6 11. Ne2 g5 12. Be3 Ba6 13. O-O-O Ne4 14. Qe1 Qc7 15. f3
Nf6 16. h4 Nd5 17. Bd2 gxh4 18. Nf4 Nd7 19. Nxd7 Kxd7 20. Nxd5 cxd5 21. Bxb4
Bc4 22. Ba4+ Kc8 23. Rxh4 Bg7 24. Ba5 Qd6 25. Qc3 Rb8 26. b3 Qa3+ 27. Kd2 Bf6
28. Rh3 Bg5+ 29. Ke1 Bd8 30. f4 Rb7 31. bxc4 Qxa4 32. cxd5+ Kb8 33. Bxd8 Rxd8
34. dxe6 Rc8 35. Qf3 fxe6 36. Rxh6 Qxa2 37. Qe4 Rb6 38. Rd2 Rb1+ 39. Kf2 Qa1
40. Qxe6 Rg1 41. c4 Rf1+ 42. Ke3 Qe1+ 43. Kd3 Qb1+ 44. Rc2 Qb3+ 45. Ke2 Qb1 46.
Qd6+ Ka8 47. Qd5+ Kb8 48. Rb2+ Qxb2+ 49. Kxf1 Qc1+ 50. Ke2 Re8+ 51. Kf3 Qe3+
52. Kg4 Qe2+ 53. Kh3 Qe3+ 54. g3 Qe2 55. Rh5 Qf1+ 56. Kh4 Rc8 57. Qe5+ Ka8 58.
Qe4+ Kb8 59. Rb5+ Kc7 60. Rb7+ Kd6 61. Qd5# 1-0

[Event "SR 4. liga A21 2015/2016"]
[Site "?"]
[Date "2016.03.13"]
[Round "10.2"]
[White "Vlk, Jaroslav"]
[Black "Barcaj, Jaroslav"]
[Result "0-1"]
[WhiteElo "1513"]
[BlackElo "1669"]
[PlyCount "42"]
[EventDate "2015.??.??"]

1. e4 c5 2. Nf3 Nc6 3. Nc3 d6 4. g3 a6 5. Bg2 b5 6. O-O Bb7 7. d3 e6 8. Be3 Rc8
9. d4 cxd4 10. Nxd4 Nf6 11. f3 Be7 12. a3 O-O 13. Qd3 Qc7 14. Rf2 Na5 15. Bd2
Nc4 16. b3 Nxd2 17. Nde2 Ndxe4 18. fxe4 Ng4 19. Rf4 Qc5+ 20. Kf1 Ne3+ 21. Kg1
Nxc2+ 0-1

[Event "SR 4. liga A21 2015/2016"]
[Site "?"]
[Date "2016.03.13"]
[Round "10.3"]
[White "Slaby, Jozef"]
[Black "Ocko, Martin"]
[Result "0-1"]
[WhiteElo "1788"]
[BlackElo "1941"]
[PlyCount "110"]
[EventDate "2015.??.??"]

1. Nf3 Nf6 2. c4 g6 3. g3 Bg7 4. Bg2 c5 5. d3 O-O 6. O-O d6 7. Nc3 Nc6 8. a3 a6
9. Rb1 Bd7 10. b4 cxb4 11. axb4 b5 12. cxb5 axb5 13. Bd2 Rb8 14. d4 Bg4 15. d5
Bxf3 16. Bxf3 Ne5 17. Bg2 Nc4 18. Be1 Qb6 19. Qd3 Ra8 20. Bd2 Ra3 21. Bc1 Ra6
22. Be3 Qb7 23. Ra1 Rfa8 24. Rxa6 Rxa6 25. Bd4 Ra3 26. Qc2 Nd7 27. Bxg7 Kxg7
28. e4 Nde5 29. h3 Qb6 30. Kh2 g5 31. Qc1 h6 32. Qc2 Ra7 33. Qe2 Ra3 34. Nd1
Qa7 35. f4 gxf4 36. gxf4 Ng6 37. Qg4 Qd4 38. h4 Qf6 39. h5 Qh4+ 40. Qxh4 Nxh4
41. Rg1 Kf8 42. Bh1 Nf3+ 43. Bxf3 Rxf3 44. f5 Rb3 45. Nf2 Ne5 46. Ra1 Rxb4 47.
Ra8+ Kg7 48. Kg3 Rb3+ 49. Kg2 Rb2 50. Kg3 b4 51. Rb8 b3 52. Nd1 Rd2 53. Ne3 b2
54. Rb3 Rd3 55. Rxb2 Rxe3+ 0-1

[Event "SR 4. liga A21 2015/2016"]
[Site "?"]
[Date "2016.03.13"]
[Round "10.3"]
[White "Diviak, Rastislav"]
[Black "Vagovic, Milan"]
[Result "1-0"]
[WhiteElo "1967"]
[BlackElo "1610"]
[PlyCount "51"]
[EventDate "2015.??.??"]

1. e4 c5 2. Nf3 Nc6 3. d4 cxd4 4. Nxd4 Nf6 5. Nc3 d6 6. Be2 e6 7. O-O Be7 8.
Be3 O-O 9. f4 a6 10. a4 Bd7 11. Kh1 Qc7 12. Qe1 Nxd4 13. Bxd4 Bc6 14. Bd3 e5
15. Be3 Ng4 16. Bd2 Rfe8 17. Qg3 Nf6 18. fxe5 dxe5 19. Rf5 Kh8 20. Raf1 Rg8 21.
Bg5 Bd7 22. R5f2 Be6 23. Qh4 Rae8 24. Nd5 Nxd5 25. exd5 Bxg5 26. Qxh7# 1-0

[Event "SR 4. liga A21 2015/2016"]
[Site "?"]
[Date "2016.03.13"]
[Round "10.3"]
[White "Slaba, Andrea"]
[Black "Diviak, Rudolf"]
[Result "1/2-1/2"]
[WhiteElo "1747"]
[BlackElo "1800"]
[PlyCount "26"]
[EventDate "2015.??.??"]

1. d4 g6 2. c4 Bg7 3. Nc3 c6 4. Nf3 d6 5. g3 Nd7 6. e4 Qc7 7. Bg2 a6 8. a4 e5
9. d5 c5 10. O-O Ngf6 11. Ne1 O-O 12. f4 Rb8 13. Qd3 Ng4 1/2-1/2

[Event "SR 4. liga A21 2015/2016"]
[Site "?"]
[Date "2016.03.13"]
[Round "10.3"]
[White "Ulehla, Jakub"]
[Black "Pripko, Bystrik"]
[Result "1-0"]
[WhiteElo "1645"]
[BlackElo "1662"]
[PlyCount "43"]
[EventDate "2015.??.??"]

1. e4 e5 2. Nf3 Nc6 3. Bb5 a6 4. Ba4 b5 5. Bb3 h6 6. O-O Bc5 7. c3 d6 8. h3 Nf6
9. d4 exd4 10. cxd4 Bb6 11. Be3 O-O 12. Nbd2 Re8 13. Rc1 Bb7 14. d5 Bxe3 15.
dxc6 Bxd2 16. cxb7 Bxc1 17. bxa8=Q Qxa8 18. Qxc1 c5 19. Qf4 Qc6 20. e5 dxe5 21.
Nxe5 Qc7 22. Bxf7+ 1-0

[Event "SR 4. liga A21 2015/2016"]
[Site "?"]
[Date "2016.03.13"]
[Round "10.3"]
[White "Piestansky, Jan"]
[Black "Drozd, Jan"]
[Result "1/2-1/2"]
[WhiteElo "1689"]
[BlackElo "1566"]
[PlyCount "52"]
[EventDate "2015.??.??"]

1. e4 c5 2. Bc4 Nc6 3. h3 Nf6 4. d3 d6 5. Nf3 e6 6. Bb3 Bd7 7. c3 Be7 8. Be3 a6
9. Nbd2 b5 10. O-O O-O 11. Nh2 Ne5 12. Bc2 Bc6 13. f4 Ng6 14. Ng4 Rc8 15. Nxf6+
Bxf6 16. Nf3 Qc7 17. Rc1 Be7 18. d4 f5 19. e5 dxe5 20. Nxe5 Nxe5 21. dxe5 Rcd8
22. Qe2 Rd7 23. Rfd1 Rfd8 24. Rxd7 Rxd7 25. Rd1 Rxd1+ 26. Qxd1 Qd7 1/2-1/2

[Event "SR 4. liga A21 2015/2016"]
[Site "?"]
[Date "2016.03.13"]
[Round "10.4"]
[White "Curidlo, Jan"]
[Black "Sobek, Michal"]
[Result "1-0"]
[WhiteElo "1889"]
[BlackElo "1898"]
[PlyCount "91"]
[EventDate "2015.??.??"]

1. e4 e5 2. Nf3 Nc6 3. Bb5 a6 4. Ba4 Nf6 5. d3 b5 6. Bb3 d6 7. h3 Na5 8. Be3
Nxb3 9. axb3 g6 10. Nbd2 Bg7 11. c4 Bb7 12. O-O O-O 13. Re1 Nd7 14. Nf1 f5 15.
exf5 gxf5 16. Ng5 f4 17. Ne6 Qh4 18. Nxf8 Rxf8 19. Ba7 f3 20. Ng3 c5 21. cxb5
fxg2 22. Qg4 Qf6 23. Qe2 Bf3 24. Qc2 Qh6 25. Ra4 axb5 26. Kh2 bxa4 27. bxa4 Rf4
28. d4 Rh4 29. Qb3+ d5 30. Qxf3 Rxh3+ 31. Kxg2 Rh2+ 32. Kg1 e4 33. Qf5 Nf6 34.
Bxc5 Qh4 35. Qc8+ Kf7 36. Qc7+ Kg6 37. Qxg7+ Kxg7 38. Nf5+ Kf7 39. Nxh4 Rxh4
40. a5 Nd7 41. a6 Nxc5 42. dxc5 Rg4+ 43. Kf1 Rg8 44. b4 Ke6 45. b5 Ra8 46. b6
1-0

[Event "SR 4. liga A21 2015/2016"]
[Site "?"]
[Date "2016.03.13"]
[Round "10.4"]
[White "Nemeckay, Rastislav"]
[Black "Bardik, Jozef"]
[Result "1-0"]
[WhiteElo "2017"]
[BlackElo "1870"]
[PlyCount "47"]
[EventDate "2015.??.??"]

1. e4 c6 2. d4 d5 3. Nc3 dxe4 4. Nxe4 Bf5 5. Ng3 Bg6 6. Nf3 e6 7. Bd3 Nd7 8.
O-O Be7 9. c3 Ngf6 10. Re1 Bxd3 11. Qxd3 h6 12. Ne4 Nxe4 13. Qxe4 Nf6 14. Qe2
Qc7 15. Ne5 Bd6 16. h3 O-O-O 17. Qf3 Rhf8 18. Bxh6 gxh6 19. Qxf6 Bxe5 20. Rxe5
Qb6 21. b4 Qa6 22. Qf3 Rd5 23. Rxe6 Rxd4 24. cxd4 1-0

[Event "SR 4. liga A21 2015/2016"]
[Site "?"]
[Date "2016.03.13"]
[Round "10.4"]
[White "Sedlak, Rastislav"]
[Black "Klimes, Karel"]
[Result "1/2-1/2"]
[WhiteElo "1669"]
[BlackElo "1658"]
[PlyCount "77"]
[EventDate "2015.??.??"]

1. e4 e5 2. Nf3 Nc6 3. Bc4 Be7 4. O-O Nf6 5. Nc3 O-O 6. d4 exd4 7. Nxd4 Nxd4 8.
Qxd4 d6 9. Bg5 Be6 10. Bd3 Nd7 11. Bxe7 Qxe7 12. Nd5 Bxd5 13. exd5 Qe5 14. Qxe5
Nxe5 15. Be2 Ng6 16. Rfe1 Rae8 17. g3 a6 18. Bf3 Re5 19. c4 Rfe8 20. Kf1 Rxe1+
21. Rxe1 Rxe1+ 22. Kxe1 f5 23. b3 Kf7 24. Bh5 Kf6 25. Bxg6 Kxg6 26. f4 a5 27.
Ke2 Kf6 28. Ke3 h6 29. h4 g6 30. a3 b6 31. b4 axb4 32. axb4 g5 33. h5 g4 34.
Kd4 Ke7 35. Kc3 Kd7 36. Kb3 c6 37. Ka4 Kc7 38. Kb3 c5 39. b5 1/2-1/2

[Event "SR 4. liga A21 2015/2016"]
[Site "?"]
[Date "2016.03.13"]
[Round "10.4"]
[White "Wallner, Juraj"]
[Black "Oravec, Pavol"]
[Result "0-1"]
[WhiteElo "1551"]
[BlackElo "1774"]
[PlyCount "72"]
[EventDate "2015.??.??"]

1. e4 e6 2. Nf3 d5 3. exd5 exd5 4. d4 Bg4 5. Be2 Nf6 6. O-O Bd6 7. Nc3 c6 8. h3
Bh5 9. Bg5 Nbd7 10. Nh4 Bg6 11. Bg4 O-O 12. Nf5 Bxf5 13. Bxf5 Qc7 14. Qf3 Rfe8
15. Ne2 Ne4 16. Be3 Ndf6 17. Nc3 Nxc3 18. bxc3 Ne4 19. Bxe4 Rxe4 20. Rfe1 Rae8
21. Bd2 Rxe1+ 22. Rxe1 Rxe1+ 23. Bxe1 Qe7 24. Qe3 Qxe3 25. fxe3 b5 26. Kf2 f5
27. Kf3 h5 28. Bg3 Bxg3 29. Kxg3 g5 30. Kf3 Kf7 31. Kg3 Ke6 32. Kf3 h4 33. g3
hxg3 34. Kxg3 Kf6 35. Kf3 Kg6 36. Kg3 Kh5 0-1

[Event "SR 4. liga A21 2015/2016"]
[Site "?"]
[Date "2016.03.13"]
[Round "10.4"]
[White "Pavelka, Lubos"]
[Black "Tomasovic, Roman"]
[Result "0-1"]
[WhiteElo "1000"]
[BlackElo "1543"]
[PlyCount "54"]
[EventDate "2015.??.??"]

1. e4 e5 2. Nf3 Nc6 3. Bb5 Bc5 4. O-O d6 5. h3 Nf6 6. Re1 O-O 7. c3 a6 8. Ba4
h6 9. d4 exd4 10. cxd4 Ba7 11. d5 Ne7 12. Nbd2 b5 13. Bc2 Ng6 14. Nf1 Re8 15.
Ng3 Ne5 16. Nd4 Bxd4 17. Qxd4 Bxh3 18. gxh3 Nf3+ 19. Kg2 Nxd4 20. Bd3 c6 21.
Be3 c5 22. Bxd4 cxd4 23. Nf5 Nh5 24. Kh2 Rc8 25. Nxd4 Qb6 26. Nc6 Qxf2+ 27. Kh1
Ng3# 0-1

[Event "SR 4. liga A21 2015/2016"]
[Site "?"]
[Date "2016.03.13"]
[Round "10.5"]
[White "Zlamal, Marek"]
[Black "Sefcik, Marek"]
[Result "1/2-1/2"]
[WhiteElo "1730"]
[BlackElo "2044"]
[PlyCount "27"]
[EventDate "2015.??.??"]

1. d4 d6 2. Nf3 Nf6 3. c4 c6 4. Nc3 Qc7 5. h3 e5 6. e4 Be7 7. Be2 Nbd7 8. a3 a5
9. O-O O-O 10. Bg5 Re8 11. Rc1 Nf8 12. b4 axb4 13. axb4 Bd7 14. Qb3 1/2-1/2

[Event "SR 4. liga A21 2015/2016"]
[Site "?"]
[Date "2016.03.13"]
[Round "10.5"]
[White "Horak, Ivan"]
[Black "Bartos, Bohumil"]
[Result "1-0"]
[WhiteElo "2037"]
[BlackElo "1686"]
[PlyCount "39"]
[EventDate "2015.??.??"]

1. e4 c5 2. Nf3 d6 3. d4 cxd4 4. Nxd4 Nf6 5. Nc3 a6 6. f3 e6 7. Be3 Be7 8. Qd2
b5 9. O-O-O b4 10. Na4 O-O 11. Qxb4 d5 12. Qb6 dxe4 13. Nc6 Nfd7 14. Nxd8 Nxb6
15. Nxb6 Rxd8 16. Rxd8+ Bxd8 17. Nxc8 Nd7 18. Nd6 exf3 19. gxf3 Ne5 20. Be2 1-0

[Event "SR 4. liga A21 2015/2016"]
[Site "?"]
[Date "2016.03.13"]
[Round "10.5"]
[White "Harasta, Marian"]
[Black "Chabada, Tomas"]
[Result "1-0"]
[WhiteElo "1583"]
[BlackElo "1953"]
[PlyCount "65"]
[EventDate "2015.??.??"]

1. d4 d5 2. c4 c6 3. Qc2 Nf6 4. Nf3 Bg4 5. Nbd2 e6 6. a3 Be7 7. e3 Bf5 8. Qb3
Qb6 9. Qc3 Ne4 10. Nxe4 Bxe4 11. c5 Qc7 12. Nd2 Bg6 13. Be2 Nd7 14. b4 O-O 15.
f4 b6 16. O-O bxc5 17. bxc5 Nxc5 18. Bb2 Na4 19. Qb3 Rab8 20. Qxa4 Rxb2 21. Qd1
Rfb8 22. Nf3 c5 23. Rc1 c4 24. Ne5 Bxa3 25. Bxc4 Be4 26. Be2 Rxe2 27. Rxc7
Rxg2+ 28. Kh1 Rbb2 29. Rf3 Rxh2+ 30. Kg1 Rbg2+ 31. Kf1 g6 32. Qa4 Ra2 33. Qe8+
1-0

[Event "SR 4. liga A21 2015/2016"]
[Site "?"]
[Date "2016.03.13"]
[Round "10.5"]
[White "Husek, Lubomir"]
[Black "Davidik, Miroslav"]
[Result "1-0"]
[WhiteElo "1878"]
[BlackElo "1412"]
[PlyCount "59"]
[EventDate "2015.??.??"]

1. e4 d5 2. exd5 Qxd5 3. Nc3 Qa5 4. Nf3 Bg4 5. Be2 Nf6 6. O-O e6 7. d4 c6 8.
Ne5 Bxe2 9. Qxe2 Nbd7 10. Nxd7 Nxd7 11. Ne4 Be7 12. Bf4 O-O 13. c3 Qf5 14. Bd6
Rfe8 15. Bxe7 Rxe7 16. Nd6 Qd5 17. Nxb7 Rb8 18. Nc5 Nxc5 19. dxc5 Qxc5 20. Rfd1
Reb7 21. Rd2 g6 22. Rad1 Qe7 23. b3 h5 24. Rd6 Rc7 25. c4 Rbb7 26. Rd8+ Kg7 27.
Qe5+ f6 28. Qd4 c5 29. Qd2 g5 30. h3 1-0

[Event "SR 4. liga A21 2015/2016"]
[Site "?"]
[Date "2016.03.13"]
[Round "10.5"]
[White "Spacek, Jan"]
[Black "Kovarik, Oto"]
[Result "0-1"]
[WhiteElo "1124"]
[BlackElo "1812"]
[PlyCount "86"]
[EventDate "2015.??.??"]

1. e4 c5 2. Bc4 e6 3. Nf3 Nc6 4. d3 d5 5. exd5 exd5 6. Bb5 Bd6 7. Bg5 Nf6 8.
Nc3 Be6 9. Qe2 O-O 10. O-O Re8 11. Rfe1 h6 12. Be3 d4 13. Bd2 dxc3 14. Bxc3 a6
15. Ba4 b5 16. Bb3 Bxb3 17. Qd2 Be6 18. b3 b4 19. Bb2 Bd5 20. Nh4 Be5 21. Bxe5
Rxe5 22. Re3 Qd7 23. Nf3 Rxe3 24. Qxe3 Bxf3 25. Qxf3 Re8 26. Qd1 Nd4 27. Qd2
Re2 28. Qd1 Rxc2 29. f3 Qe6 30. Qf1 Qe3+ 31. Kh1 Re2 32. Rb1 Qxd3 33. Rd1 Qe3
34. Ra1 Nd5 35. Rc1 Nc3 36. Ra1 Nc2 37. Rc1 Nxa2 38. Rd1 Nd4 39. Rb1 Nc3 40.
Ra1 a5 41. Rb1 Nxb1 42. Qxb1 Re1+ 43. Qxe1 Qxe1# 0-1

[Event "SR 4. liga A21 2015/2016"]
[Site "?"]
[Date "2016.03.13"]
[Round "10.6"]
[White "Hirmajer, Jan"]
[Black "Sadlon, Juraj"]
[Result "1/2-1/2"]
[WhiteElo "1953"]
[BlackElo "1859"]
[PlyCount "143"]
[EventDate "2015.??.??"]

1. c4 Nf6 2. Nc3 c6 3. Nf3 d6 4. g3 g6 5. Bg2 Bg7 6. O-O O-O 7. d4 Qc7 8. Bf4
Nh5 9. Bg5 Re8 10. Rc1 Bg4 11. b4 Nd7 12. h3 Bxf3 13. Bxf3 Nhf6 14. Qb3 h6 15.
Be3 Rab8 16. b5 c5 17. Nd5 Nxd5 18. cxd5 b6 19. Rc4 Qb7 20. Rd1 Rec8 21. Bg4 f5
22. Bf3 cxd4 23. Rxc8+ Rxc8 24. Bxd4 Bxd4 25. Rxd4 Rc1+ 26. Kg2 Qc7 27. Qe3 Qc3
28. Qxc3 Rxc3 29. Ra4 Rc7 30. g4 Ne5 31. gxf5 gxf5 32. e4 f4 33. Bg4 Kg7 34.
Bh5 Kf6 35. Be8 Kg5 36. Bc6 h5 37. Rd4 f3+ 38. Kh2 h4 39. a4 Kf6 40. a5 bxa5
41. Ra4 e6 42. Rxa5 Rg7 43. dxe6 Nd3 44. e5+ Nxe5 45. Ra3 Rg2+ 46. Kh1 Rxf2 47.
e7 Kxe7 48. Rxa7+ Kf6 49. Ra3 Kg5 50. Kg1 Rg2+ 51. Kh1 Rg3 52. Kh2 f2 53. Ra1
Kf4 54. Bg2 Rb3 55. Ra4+ Ke3 56. Re4+ Kd2 57. Rf4 Ke2 58. Re4+ Re3 59. Bf1+ Kd2
60. Rxe3 Kxe3 61. b6 d5 62. b7 Nd7 63. Kg2 d4 64. Bb5 Nb8 65. Bc4 d3 66. Bxd3
Kxd3 67. Kxf2 Ke4 68. Ke2 Kf4 69. Kf2 Nc6 70. Kg2 Ke3 71. Kh2 Kf2 72. Kh1
1/2-1/2

[Event "SR 4. liga A21 2015/2016"]
[Site "?"]
[Date "2016.03.13"]
[Round "10.6"]
[White "Skapikova, Lubica"]
[Black "Orvisky, Vladimir"]
[Result "1-0"]
[WhiteElo "1870"]
[BlackElo "1750"]
[PlyCount "67"]
[EventDate "2015.??.??"]

1. e4 Nf6 2. e5 Nd5 3. d4 d6 4. c4 Nb6 5. f4 dxe5 6. fxe5 Nc6 7. Be3 Bf5 8. Nc3
e6 9. Nf3 Be7 10. Be2 O-O 11. O-O f6 12. Rc1 Qe8 13. c5 Nd5 14. Nxd5 exd5 15.
Nh4 Be4 16. exf6 Rxf6 17. Nf3 Rg6 18. Qd2 h6 19. Ne1 Rf6 20. Bf3 Qg6 21. Bxe4
Rxf1+ 22. Kxf1 Qxe4 23. Qd3 Rf8+ 24. Kg1 Qxd3 25. Nxd3 Bf6 26. Rf1 Re8 27. Rf3
Bxd4 28. Kf2 Bf6 29. b4 a6 30. a4 d4 31. Bf4 Re7 32. b5 axb5 33. axb5 Na7 34.
b6 {èierny prekroèil èas.} 1-0

[Event "SR 4. liga A21 2015/2016"]
[Site "?"]
[Date "2016.03.13"]
[Round "10.6"]
[White "Lajda, Dusan"]
[Black "Skapik, Branislav"]
[Result "0-1"]
[WhiteElo "1861"]
[BlackElo "1845"]
[PlyCount "64"]
[EventDate "2015.??.??"]

1. e4 e6 2. d4 d5 3. Nc3 Nf6 4. e5 Nfd7 5. f4 c5 6. Nf3 Nc6 7. Bb5 Qb6 8. Bxc6
bxc6 9. Na4 Qa5+ 10. c3 cxd4 11. b4 Qc7 12. Nxd4 c5 13. bxc5 Nxc5 14. Nxc5 Bxc5
15. Be3 Qa5 16. Qc2 Qa6 17. Kf2 O-O 18. g3 f6 19. Nf3 Bxe3+ 20. Kxe3 Qb6+ 21.
Ke2 Ba6+ 22. Kd1 Rac8 23. Re1 Rc4 24. Rb1 Qa5 25. Rb3 Rfc8 26. exf6 gxf6 27.
Rxe6 Rxc3 28. Rxc3 Rxc3 29. Rxa6 Qc5 30. Qd2 Rxf3 31. Rd6 Qb5 32. Qc2 Qf1+ 0-1

[Event "SR 4. liga A21 2015/2016"]
[Site "?"]
[Date "2016.03.13"]
[Round "10.6"]
[White "Keller, Jozef"]
[Black "Svarc, Vaclav"]
[Result "1-0"]
[WhiteElo "1594"]
[BlackElo "1234"]
[PlyCount "45"]
[EventDate "2015.??.??"]

1. d4 d5 2. g3 Nc6 3. Bg2 Nf6 4. Nf3 Bg4 5. Nbd2 e6 6. O-O Bd6 7. b3 Bxf3 8.
Nxf3 O-O 9. Bb2 Ng4 10. Re1 Nb4 11. e4 c6 12. a3 Na6 13. b4 b6 14. Rc1 c5 15.
dxc5 bxc5 16. bxc5 Nxc5 17. exd5 exd5 18. Qxd5 Qc7 19. Qg5 g6 20. Qxg4 Rad8 21.
Qg5 Na4 22. Bf6 Rc8 23. Qh6 1-0

[Event "SR 4. liga A21 2015/2016"]
[Site "?"]
[Date "2016.04.03"]
[Round "11.1"]
[White "Pericka, Tomas"]
[Black "Kubis, Ivan"]
[Result "1-0"]
[WhiteElo "2003"]
[BlackElo "1953"]
[PlyCount "65"]
[EventDate "2015.??.??"]

1. e4 e5 2. Bc4 Nf6 3. Nc3 Nxe4 4. Qe2 Nd6 5. Qxe5+ Be7 6. Bb3 O-O 7. Nge2 Nc6
8. Qf4 Bg5 9. Qf3 b6 10. h4 Bf6 11. d3 Bb7 12. Qh3 Re8 13. Be3 Nd4 14. Nxd4
Bxd4 15. O-O-O Bf6 16. Rhg1 a5 17. a4 b5 18. axb5 a4 19. Nxa4 Nxb5 20. Nc5 Bc6
21. c3 d6 22. Ne4 Bxe4 23. dxe4 Rxe4 24. g4 Ra1+ 25. Kc2 Rxd1 26. Kxd1 g6 27.
g5 Bg7 28. Bxf7+ Kh8 29. h5 gxh5 30. Qxh5 Qa8 31. g6 Qa4+ 32. Kd2 Rh4 33. Qg5
1-0

[Event "SR 4. liga A21 2015/2016"]
[Site "?"]
[Date "2016.04.03"]
[Round "11.1"]
[White "Zajicek, Ferdinand"]
[Black "Sadlon, Juraj"]
[Result "0-1"]
[WhiteElo "1756"]
[BlackElo "1873"]
[PlyCount "108"]
[EventDate "2015.??.??"]

1. e4 e5 2. Nf3 Nc6 3. Nc3 Nf6 4. Bc4 Bb4 5. d3 O-O 6. Bd2 d6 7. a3 Ba5 8. h3
h6 9. O-O a6 10. Ne2 b5 11. Ba2 Bb6 12. Be3 Bxe3 13. fxe3 Ne7 14. Ng3 Ng6 15.
Nf5 Be6 16. Nh2 Bxa2 17. Rxa2 Kh7 18. Ng4 Ng8 19. Qf3 Qg5 20. b4 N8e7 21. Qg3
h5 22. Nh2 Qxg3 23. Nxg3 Kh6 24. c3 c5 25. Raf2 f6 26. Nf5+ Nxf5 27. exf5 Ne7
28. e4 Rfc8 29. Rc2 cxb4 30. axb4 a5 31. bxa5 Rxa5 32. Rb1 d5 33. Nf3 d4 34. c4
bxc4 35. Rxc4 Rxc4 36. dxc4 Rc5 37. Rb8 Nc8 38. Nd2 Kg5 39. Kf2 g6 40. fxg6
Kxg6 41. Rb5 Rxb5 42. cxb5 Nb6 43. Nf3 Nd7 44. Nh4+ Kg5 45. Nf5 Kf4 46. Nd6 h4
47. Ke2 Kg3 48. Kf1 d3 49. Nf5+ Kf4 50. Nd6 Ke3 51. Ke1 d2+ 52. Kd1 Nb6 53.
Nf5+ Kd3 54. Nxh4 Nc4 0-1

[Event "SR 4. liga A21 2015/2016"]
[Site "?"]
[Date "2016.04.03"]
[Round "11.1"]
[White "Skapik, Branislav"]
[Black "Kastler, Peter"]
[Result "1-0"]
[WhiteElo "1854"]
[BlackElo "1741"]
[PlyCount "69"]
[EventDate "2015.??.??"]

1. c4 c6 2. Nc3 d5 3. cxd5 cxd5 4. d4 e6 5. Nf3 Nf6 6. Bg5 Be7 7. e3 O-O 8. Bd3
b6 9. Rc1 Ba6 10. O-O Bxd3 11. Qxd3 a6 12. Rc2 Nbd7 13. Rfc1 b5 14. a3 Rc8 15.
Nxd5 Rxc2 16. Nxe7+ Qxe7 17. Rxc2 Nb6 18. Ne5 Qb7 19. Bxf6 gxf6 20. Ng4 f5 21.
Nf6+ Kg7 22. Nh5+ Kh8 23. f3 Rg8 24. e4 Rg5 25. Ng3 h5 26. exf5 exf5 27. Qe3 f6
28. Qe8+ Kh7 29. Nxh5 Rg6 30. Nf4 Rg5 31. h4 Rg3 32. Qh5+ Kg8 33. Re2 Qd7 34.
Re8+ Kg7 35. Qh8+ 1-0

[Event "SR 4. liga A21 2015/2016"]
[Site "?"]
[Date "2016.04.03"]
[Round "11.1"]
[White "Papanek, Lubomir"]
[Black "Pericka, Pavol"]
[Result "0-1"]
[WhiteElo "1666"]
[BlackElo "1795"]
[PlyCount "130"]
[EventDate "2015.??.??"]

1. e4 e5 2. Nf3 Nc6 3. Bb5 a6 4. Ba4 Nf6 5. d3 d6 6. c3 Be7 7. O-O Bg4 8. h3
Bh5 9. Be3 O-O 10. Nbd2 d5 11. exd5 Nxd5 12. Qe2 b5 13. Bb3 f5 14. c4 bxc4 15.
dxc4 Nf6 16. Bg5 e4 17. Rad1 Nd4 18. Qe3 exf3 19. Nxf3 c5 20. Nxd4 Bxd1 21. Ne6
Qc8 22. Bxd1 Re8 23. Ba4 Nd7 24. Qf4 Bxg5 25. Nxg5 h6 26. Nf3 Rf8 27. Qd6 Nf6
28. Bc6 Ra7 29. Qxc5 Rc7 30. Bd5+ Kh8 31. Qb6 Nxd5 32. cxd5 Rf6 33. Qe3 Qb7 34.
Qe8+ Kh7 35. Rd1 Rd7 36. Rc1 Rc7 37. Rd1 Rd6 38. Qe5 Rf6 39. Nh4 Re7 40. Qc3
Qc7 41. Qd3 Qe5 42. g4 g6 43. b3 fxg4 44. hxg4 Qg5 45. Qg3 Rf4 46. f3 Ref7 47.
d6 Qc5+ 48. Kh1 Qc6 49. d7 Rxf3 50. Nxf3 Rxf3 51. Kh2 Rxg3 52. Kxg3 Qc7+ 53.
Kf3 Qd8 54. Ke4 Kg7 55. Rd6 Kf7 56. Kd5 h5 57. Kc6 h4 58. Rd1 h3 59. Rf1+ Kg7
60. Re1 h2 61. Kd6 Qb6+ 62. Kd5 Qb5+ 63. Ke6 Qc6+ 64. Ke7 Qf6+ 65. Ke8 Qf8# 0-1

[Event "SR 4. liga A21 2015/2016"]
[Site "?"]
[Date "2016.04.03"]
[Round "11.1"]
[White "Brath, Zdeno"]
[Black "Mraz, Jan"]
[Result "1-0"]
[WhiteElo "1486"]
[BlackElo "1253"]
[PlyCount "124"]
[EventDate "2015.??.??"]

1. e4 e6 2. Nf3 Nc6 3. d4 Nce7 4. Nc3 g6 5. Be3 Bg7 6. Bd3 b6 7. e5 Bb7 8. Be4
Bxe4 9. Nxe4 d6 10. c3 dxe5 11. Qa4+ Qd7 12. Qxd7+ Kxd7 13. dxe5 Nc6 14. Bf4
Bh6 15. Bxh6 Nxh6 16. Rd1+ Ke7 17. Nf6 Nxe5 18. Nxe5 Kxf6 19. Nc6 a5 20. O-O
Nf5 21. Rd7 Rac8 22. Rfd1 Nd6 23. Na7 Rcd8 24. Rxc7 Nc4 25. Rcd7 Rxd7 26. Rxd7
Nxb2 27. Rd4 Rb8 28. Nb5 Rc8 29. Kf1 Rc4 30. Rd6 Na4 31. Ke1 Nxc3 32. Nxc3 Rxc3
33. Rxb6 Rc1+ 34. Kd2 Rc5 35. Kd3 Ke5 36. Rb7 Kf6 37. a4 h5 38. Rb5 Rd5+ 39.
Ke4 Rxb5 40. axb5 Ke7 41. Kd4 Kd6 42. Kc4 f5 43. f4 h4 44. h3 Kd7 45. Kc5 Kc7
46. b6+ Kb7 47. Kb5 a4 48. Kxa4 Kxb6 49. Kb4 Kc6 50. Kc4 Kd7 51. Kc5 Ke7 52.
Kc6 Kf7 53. Kd7 Kf6 54. Kd6 g5 55. fxg5+ Kxg5 56. Kxe6 Kf4 57. Kf6 Kg3 58. Kxf5
Kxg2 59. Kg4 Kf2 60. Kxh4 Kf3 61. Kg5 Ke4 62. h4 Ke5 1-0

[Event "SR 4. liga A21 2015/2016"]
[Site "?"]
[Date "2016.04.03"]
[Round "11.2"]
[White "Horak, Ivan"]
[Black "Lajda, Dusan"]
[Result "1-0"]
[WhiteElo "2043"]
[BlackElo "1851"]
[PlyCount "71"]
[EventDate "2015.??.??"]

1. e4 c5 2. Nf3 Nc6 3. c3 d6 4. d4 cxd4 5. cxd4 e6 6. Nc3 Bd7 7. Bd3 g6 8. O-O
Bg7 9. Be3 a6 10. a3 Nge7 11. Rc1 O-O 12. b4 b5 13. Qd2 Re8 14. Rfd1 Rc8 15.
Be2 d5 16. e5 f6 17. exf6 Bxf6 18. a4 Nxb4 19. axb5 axb5 20. Nxb5 Rxc1 21. Rxc1
Nbc6 22. Nd6 Rf8 23. Bh6 Bg7 24. Bxg7 Kxg7 25. Nb7 Qb8 26. Nc5 Bc8 27. Ng5 Nd8
28. Bg4 Nf5 29. Bxf5 Rxf5 30. Nf3 Nb7 31. Qb4 Qd6 32. Ne5 Nxc5 33. Rxc5 Ba6 34.
Qa5 Rxe5 35. dxe5 Qb8 36. Qxa6 1-0

[Event "SR 4. liga A21 2015/2016"]
[Site "?"]
[Date "2016.04.03"]
[Round "11.2"]
[White "Krchnak, Rudolf"]
[Black "Chabada, Tomas"]
[Result "0-1"]
[WhiteElo "1728"]
[BlackElo "1947"]
[PlyCount "92"]
[EventDate "2015.??.??"]

1. d4 d5 2. Nc3 Nf6 3. Bg5 Nbd7 4. e3 h6 5. Bh4 c6 6. Bd3 e5 7. f3 Be7 8. Nge2
e4 9. fxe4 Nxe4 10. Bxe7 Qxe7 11. Bxe4 dxe4 12. O-O Nf6 13. Ng3 Bg4 14. Qd2
O-O-O 15. Na4 Kb8 16. c4 Rhe8 17. a3 Be6 18. Rac1 Ng4 19. h3 Ne5 20. Nxe4 Nxc4
21. Qc3 Bd5 22. Nec5 Nxe3 23. Rf2 Qg5 24. Qb4 Re7 25. Na6+ Ka8 26. Qa5 Rc8 27.
N6c5 Kb8 28. Qd2 Rce8 29. Nc3 f6 30. Nxd5 Nxd5 31. Qxg5 hxg5 32. Rcc2 Re1+ 33.
Kh2 Nf4 34. Nd7+ Kc7 35. Nc5 b6 36. Na4 Rd1 37. Rcd2 Rxd2 38. Rxd2 Re2 39. Rxe2
Nxe2 40. Nc3 Nxc3 41. bxc3 Kd6 42. c4 b5 43. cxb5 cxb5 44. Kg3 Kd5 45. h4 gxh4+
46. Kxh4 g6 0-1

[Event "SR 4. liga A21 2015/2016"]
[Site "?"]
[Date "2016.04.03"]
[Round "11.2"]
[White "Stehlik, Jan"]
[Black "Ganobcik, Miroslav"]
[Result "1-0"]
[WhiteElo "1631"]
[BlackElo "1000"]
[PlyCount "51"]
[EventDate "2015.??.??"]

1. e4 e5 2. Nf3 Nc6 3. Bc4 Bc5 4. c3 Nf6 5. d3 d6 6. a4 Bg4 7. b4 Bxb4 8. cxb4
Nxb4 9. O-O d5 10. exd5 Nfxd5 11. h3 Bxf3 12. Qxf3 O-O 13. Bb2 Nc2 14. Bxd5
Nxa1 15. Bxa1 c6 16. Bc4 Qd6 17. Re1 Rfe8 18. Bxf7+ Kh8 19. Bxe8 Rxe8 20. d4
Rf8 21. dxe5 Qb4 22. Qc3 Qb6 23. Qd4 Qa5 24. Bc3 Rd8 25. Bxa5 Rxd4 26. e6 1-0